1259 1204 1270 1300 1878 1319 1551 1675 1937 1243 1379 1306 1934 1363 1961 1977 1197 1108 1211 1182 1747 1079 1643 1820 1784 1093 1872 1479 1240 1834 1179 1421 1993 1844 1939 1293 1526 1983 1125 1749 1866 1071 1242 1542 1394 1684 1187 1950 1635 1383 1820 1258 1047 1515 1043 1082 1105 1646 1705 1830 1564 1672 1618 1931 1416 1827 1990 1581 1326 1210 1359 1278 1446 1812 1111 1250 1153 1426 1544 1025 1670 1195 1938 1697 1873 1633 1200 1696 1836 1798 1148 1622 1970 1073 1405 1474 1951 1735 1446 BCNSPRNW ULIB Ver.6.0+V

เปลี่ยนเป็นภาษาไทย

Change to English
 แสดงรายละเอียดบรรณานุกรม
  กลับหน้าหลัก

Brief Record : Get Marc (ISO 2709) : E-mail record : QR code < ปิดหน้าต่าง
LEADER : 00000nam 2200000uu 4500
001    13399126294
003     ULIB
008    180904s2561||||th 000 0 tha d
020    ^a9786164555099
060 04 ^aWO185^bว645ก
100 0  ^aวิภา แซ่เซี้ย
245 00 ^aการจัดการแผลเรื้อรังบทบาทที่ท้าทายของพยาบาล /^cวิภา แซ่เซี้ย
250    ^aพิมพ์ครั้งที่ 1
260    ^aสงขลา :^bคณะพยาบาลศาสตร์ มหาวิทยาลัยสงขลานครินทร์,^c2561
300    ^a126 หน้า :^bภาพประกอบ ;^c26 ซม.
500    ^aผู้ใหญ่
505 0  ^a1.แนวคิดแผลเรื้อรัง--2.การจัดการแผลเรื้อรัง--3.การจัดการแผลเบาหวาน--4.การจัดการแผลหลอดเลือดแดง--5.การจัดการแผลหลอดเลือดดำ--6.การจัดการแผลกดทับ
650  2 ^aแผลเรื้อรัง
650  2 ^aแผลกดทับ
650  4 ^aแผลเบาหวาน
650  4 ^aแผลหลอดเลือดดำ
650  0 ^aแผลหลอดเลือดแดง
710 2  ^aมหาวิทยาลัยสงขลานครินทร์.^bคณะแพทยศาสตร์
945    ^p420^l0^i26506
945    ^p420^l0^i26505
999    ^aกัณชพร จุลอักษร
รายการนี้ยังไม่มีแท็ก
คุณยังไม่ได้ล็อกอิน คุณสามารถมีกิจกรรมร่วมกับเว็บไซต์ได้ แต่ต้องล็อกอินก่อน ::
  ล็อกอิน

รายการสื่อสารสนเทศ

ลำดับที่ ประเภท เลขเรียก/บาร์โค้ด สถานที่ สถานะ
1. หนังสือสำรอง
หนังสือสำรอง
WO185 ว645ก ฉ.1 
  Barcode: 26505
ห้องสมุดวิทยาเขตนครสวรรค์
►หนังสือทั่วไป:l:General Books
บนชั้น
2. วิทยาศาสตร์การแพทย์ และสุขภาพ
วิทยาศาสตร์การแพทย์ และสุขภาพ
WO185 ว645ก ฉ.2 
  Barcode: 26506
ห้องสมุดวิทยาเขตนครสวรรค์
►หนังสือทั่วไป:l:General Books
บนชั้น

รายการใกล้เคียง
    ผู้แต่ง [วิภา แซ่เซี้ย]

    หัวเรื่อง [แผลเรื้อรัง]
    หัวเรื่อง [แผลกดทับ]
    หัวเรื่อง [แผลเบาหวาน]
    หัวเรื่อง [แผลหลอดเลือดดำ]
    หัวเรื่อง [แผลหลอดเลือดแดง]

BibComment


ยังไม่เคยถูกคอมเมนท์

คอมเมนท์ทรัพยากรรายการนี้
  คอมเมนท์: การจัดการแผลเรื้..


 Copyright 2026. Bcnsprnw @Library